000 00447nam a2200169Ia 4500
008 240729s9999 xx 000 0 und d
022 _a1613-4516
245 0 _aJournal of Integrative Bioinformatics
260 _aGermany
260 _bDe Gruyter
650 _a Biotechnology
650 _a Chemical technology
650 _aTechnology
856 _uhttps://doaj.org/toc/828ec21f0f6140028d2a27514dd61770
942 _2ddc
942 _cDOAJEJ
999 _c73236
_d73236
945 _a1
_bMadushi Gamage
_c1
_dMadushi Gamage